000 00708nam a22002177a 4500
005 20250226164927.0
008 250226b ||||| |||| 00| 0 spa d
020 _a84-8164-144-8
082 _214
_a943
100 1 _aHabermas, Jürgen
_95535
245 1 0 _aMás allá del Estado nacional /
_cJürgen Habermas, traductor Manuel Jiménez Redondo
260 _aMadrid:
_bTrotta,
_c1997
300 _a185 p.
440 _aColección Estructuras y Procesos
_921294
_pSerie Filosofía
650 2 7 _aHISTORIA
_9600
_2unescot
650 2 7 _aPOLITICA
_9548
_2unescot
650 2 7 _aESTADO
_91075
_2unescot
651 2 7 _96176
_aALEMANIA
_2unescot
700 1 _921295
_aJiménez Redondo, Manuel
_etrad.
942 _2ddc
_cLIBRO
999 _c10765
_d10765
980 _619226
_a Palazón Marcela I.
_819226
_g Palazón Marcela I.